Literature Circles (Record no. 25295)
[ view plain ]
| 000 -LEADER | |
|---|---|
| fixed length control field | 00720nam a22002177a 4500 |
| 003 - CONTROL NUMBER IDENTIFIER | |
| control field | OSt |
| 005 - DATE AND TIME OF LATEST TRANSACTION | |
| control field | 20260629112923.0 |
| 008 - FIXED-LENGTH DATA ELEMENTS--GENERAL INFORMATION | |
| fixed length control field | 260629b |||||||| |||| 00| 0 eng d |
| 020 ## - INTERNATIONAL STANDARD BOOK NUMBER | |
| International Standard Book Number | 9780872879874 |
| 040 ## - CATALOGING SOURCE | |
| Transcribing agency | Chuka University Library |
| 050 ## - LIBRARY OF CONGRESS CALL NUMBER | |
| Classification number | LB 1575.5 |
| 100 ## - MAIN ENTRY--PERSONAL NAME | |
| Personal name | Neamen, Mimi |
| 9 (RLIN) | 31364 |
| 245 ## - TITLE STATEMENT | |
| Title | Literature Circles |
| Remainder of title | Cooperative Learning for Grades 3-8 |
| 260 ## - PUBLICATION, DISTRIBUTION, ETC. | |
| Place of publication, distribution, etc. | Englewood |
| Name of publisher, distributor, etc. | Teacher Ideas Press |
| Date of publication, distribution, etc. | 1992 |
| 300 ## - PHYSICAL DESCRIPTION | |
| Extent | Various Paging |
| Other physical details | Index and Bibliographical References |
| 650 ## - SUBJECT ADDED ENTRY--TOPICAL TERM | |
| Topical term or geographic name entry element | Literature- Study and Teaching (Elementary)-United States |
| 9 (RLIN) | 29796 |
| 650 ## - SUBJECT ADDED ENTRY--TOPICAL TERM | |
| Topical term or geographic name entry element | Group Work in Education |
| 9 (RLIN) | 27771 |
| 650 ## - SUBJECT ADDED ENTRY--TOPICAL TERM | |
| Topical term or geographic name entry element | Children-Books and Reading |
| 9 (RLIN) | 27881 |
| 700 ## - ADDED ENTRY--PERSONAL NAME | |
| Personal name | Mary Strong |
| 9 (RLIN) | 31365 |
| 942 ## - ADDED ENTRY ELEMENTS (KOHA) | |
| Source of classification or shelving scheme | Library of Congress Classification |
| Koha item type | Long Loan Books |
| Suppress in OPAC | No |
| Withdrawn status | Lost status | Source of classification or shelving scheme | Damaged status | Not for loan | Collection | Home library | Current library | Shelving location | Date acquired | Source of acquisition | Total Checkouts | Full call number | Barcode | Date last seen | Cost, replacement price | Price effective from | Koha item type |
|---|---|---|---|---|---|---|---|---|---|---|---|---|---|---|---|---|---|
| Library of Congress Classification | General Collection Books | Main Campus Library | Main Campus Library | General Stacks | 29/06/2026 | Donations from book of Africa | LB 1575.5 .N43 1992 | 36154/2026 | 29/06/2026 | 3637.80 | 29/06/2026 | Long Loan Books |
